Cobra /

में बचाया:
ग्रंथसूची विवरण
मुख्य लेखक: Sarduy, Severo (लेखक)
अन्य लेखक: Guidieri, Renzo
स्वरूप: पुस्तक
भाषा:इतालवी
प्रकाशित: Torino : Einaudi, 1976
श्रृंखला:I coralli ; 310
टैग: टैग जोड़ें
कोई टैग नहीं, इस रिकॉर्ड को टैग करने वाले पहले व्यक्ति बनें!

MARC

LEADER 00000nam a22000007i 4500
001 IT\ICCU\SBL\0149515
003 ItRI
005 20250912131550.0
008 910930s1976 it |||||| ||||| |||||c
015 |2 IT  |a 781936 
040 |b ita  |c ct 
041 7 |a ita  |2 ISO-639-2 
082 |a 863.6  |2 18 
100 1 |a Sarduy, Severo  |0 IT\ICCU\RAVV\029702  |4 aut 
240 1 0 |a Cobra .  |9 Sarduy, Severo 
245 1 0 |a Cobra /  |c Severo Sarduy ; traduzione di Renzo Guidieri. 
260 |a Torino :  |b Einaudi,  |c 1976 
300 |a 199 p. ;  |c 20 cm. 
700 1 |a Guidieri, Renzo  |0 IT\ICCU\CFIV\037998 
830 2 |a I coralli ;  |v 310  |0 IT\ICCU\RAV\0002201 
942 |2 ddc  |c BK 
952 |0 0  |1 0  |2 ddc  |4 0  |6 B_LNR02SARSECOB11  |7 0  |9 6056  |a MI  |b MI  |d 1987-12-14  |i 722  |l 0  |o B-LNR02-SARSE-COB11  |p CDOM722  |r 2025-07-13 16:28:00  |w 2025-07-13  |x ACQUISTO  |y BK 
981 1 |6 z01  |a i   |b xxxe  
982 1 |6 z01  |a n 
999 |c 4835  |d 4835